Countries Closest to Côte d'Ivoire - One Minute Sprint - Statistics

General Stats
  • This quiz has been taken 54 times
  • The average score is 15 of 20
Answer Stats
km country miles % Correct
0 Ghana 0
98%
315 Benin 195
94%
618 Niger 384
94%
319 Togo 198
94%
572 Nigeria 355
92%
0 Guinea 0
90%
0 Liberia 0
90%
0 Burkina Faso 0
85%
0 Mali 0
85%
637 Guinea-Bissau 396
83%
442 Senegal 275
79%
214 Sierra Leone 133
77%
721 Gambia 448
75%
528 Mauritania 328
71%
1252 Cameroon 778
69%
1442 Gabon 896
65%
1156 São Tomé and Príncipe 718
60%
1226 Algeria 762
56%
1251 Equatorial Guinea 778
42%
1340 Western Sahara 833
19%
No matching quizzes found
Score Distribution
Percent of People with Each Score
Percentile by Number Answered
Your Score History
You have not taken this quiz